00865cam a2200229 a 450000100100000000500170001000800410002704000230006808200180009110000550010924501360016426000620030030000190036249000230038149000340040465000220043865000240046065100620048470000300054683000360057683000230061200000576220200929151756.0820116s1978 uy 000 0 spa d aDO-SdBNPcDLCdDLC aU861.1bA189d1 aAcuña de Figueroa, Francisco Esteban,d1791-186210aDiario histórico del sitio de Montevideo en los años 1812-13-14 /cFrancisco Acuña de Figueroa ; prólogo de Roger Basagoda. aMontevideo :bMinisterio de Educación y Cultura,c1978. a2 v. ;c19 cm.1 aBiblioteca Artigas1 aClásicos uruguayosv157-158 4aPoesía uruguaya 4aLiteratura uruguaya 4aMontevideo (Uruguay{Rpara}xHistoriay1812-1814xPoesía1 aBasagoda, Roger,epról. 0aClásicos uruguayos ;v157-158 0aBiblioteca Artigas